header

Predictable and avoidable : (Record no. 124454)

MARC details
000 -LEADER
fixed length control field 01798nam a2200409 i 4500
001 - CONTROL NUMBER
control field ebr10768075
003 - CONTROL NUMBER IDENTIFIER
control field CaPaEBR
006 - FIXED-LENGTH DATA ELEMENTS--ADDITIONAL MATERIAL CHARACTERISTICS--GENERAL INFORMATION
fixed length control field m o d
007 - PHYSICAL DESCRIPTION FIXED FIELD--GENERAL INFORMATION
fixed length control field cr cn|||||||||
008 - FIXED-LENGTH DATA ELEMENTS--GENERAL INFORMATION
fixed length control field 130510t20132013enkd ob 001 0 eng|d
020 ## - INTERNATIONAL STANDARD BOOK NUMBER
Cancelled/invalid ISBN 9781409454458 (hardback)
International Standard Book Number 9781409454465 (e-book)
040 ## - CATALOGING SOURCE
Original cataloging agency CaPaEBR
Language of cataloging eng
Description conventions rda
-- pn
Transcribing agency CaPaEBR
035 ## - SYSTEM CONTROL NUMBER
System control number (OCoLC)859537104
050 14 - LIBRARY OF CONGRESS CALL NUMBER
Classification number HB3722
Item number .P49 2013eb
082 04 - DEWEY DECIMAL CLASSIFICATION NUMBER
Classification number 339.5
Edition number 23
100 1# - MAIN ENTRY--PERSONAL NAME
Personal name Pezzuto, Ivo.
245 10 - TITLE STATEMENT
Title Predictable and avoidable :
Remainder of title repairing economic dislocation and preventing the recurrence of crisis /
Statement of responsibility, etc Ivo Pezzuto.
264 #1 - PRODUCTION, PUBLICATION, DISTRIBUTION, MANUFACTURE, AND COPYRIGHT NOTICE
Place of production, publication, distribution, manufacture Farnham, Surrey :
Name of producer, publisher, distributor, manufacturer Gower Publishing Limited,
Date of production, publication, distribution, manufacture, or copyright notice [2013]
Date of production, publication, distribution, manufacture, or copyright notice �2013
300 ## - PHYSICAL DESCRIPTION
Extent 1 online resource (438 pages) :
Other physical details illustrations
336 ## - CONTENT TYPE
Content type term text
Source rdacontent
337 ## - MEDIA TYPE
Media type term computer
Source rdamedia
338 ## - CARRIER TYPE
Carrier type term online resource
Source rdacarrier
504 ## - BIBLIOGRAPHY, ETC. NOTE
Bibliography, etc Includes bibliographical references and index.
588 ## - SOURCE OF DESCRIPTION NOTE
Source of description note Description based on print version record.
590 ## - LOCAL NOTE (RLIN)
Local note Electronic reproduction. Palo Alto, Calif. : ebrary, 2013. Available via World Wide Web. Access may be limited to ebrary affiliated libraries.
650 #0 - SUBJECT ADDED ENTRY--TOPICAL TERM
Topical term or geographic name as entry element Financial crises.
Topical term or geographic name as entry element Finance
General subdivision Government policy.
Topical term or geographic name as entry element Financial risk management.
Topical term or geographic name as entry element Economic policy.
Topical term or geographic name as entry element Global Financial Crisis, 2008-2009.
655 #0 - INDEX TERM--GENRE/FORM
Genre/form data or focus term Electronic books.
776 08 - ADDITIONAL PHYSICAL FORM ENTRY
Display text Print version:
Main entry heading Pezzuto, Ivo.
Title Predictable and avoidable : repairing economic dislocation and preventing the recurrence of crisis.
Place, publisher, and date of publication Farnham, Surrey : Gower Publishing Limited, [2013]
Physical description xviii, 419 pages
International Standard Book Number 9781409454458
Record control number (DLC) 2013018246
797 2# - LOCAL ADDED ENTRY--CORPORATE NAME (RLIN)
Corporate name or jurisdiction name as entry element ebrary.
856 40 - ELECTRONIC LOCATION AND ACCESS
Uniform Resource Identifier <a href="http://site.ebrary.com/lib/rucke/Doc?id=10768075">http://site.ebrary.com/lib/rucke/Doc?id=10768075</a>
Public note An electronic book accessible through the World Wide Web; click to view

No items available.

© 2026 Rongo University
Contact us: librarian | system librarian | Rongo university